Models of geologic processes; an introduction to mathematical geology.

Saved in:
Bibliographic Details
Corporate Author: American Geological Institute. Council on Education in the Geological Sciences
Other Authors: Fenner, Peter, 1937- (ed.), Krumbein, W. C. (William Christian), 1902-
Format: Book
Language:English
Published: Washington, American Geological Institute [1969]
Subjects:
LEADER 01197nam a2200253 4500
001 c000173438
003 CARM
005 00000000000000.0
008 700127s1969 dcuab 00000 eng
019 1 |a 48143  |z 24699377  |5 LACONCORD2021 
035 |a (OCoLC)53279  |5 LACONCORD2021 
050 0 0 |a QE33  |b .M53 
245 0 |a Models of geologic processes;  |b an introduction to mathematical geology.  |c Convener [and editor]: Peter Fenner. Lecturers: W. C. Krumbein [and others] 
260 |a Washington,  |b American Geological Institute  |c [1969] 
300 |a 1 v. (various pagings)  |b illus., maps.  |c 28 cm. 
500 |a At head of title: AGI/CEGS short course [lecture notes] 7-9 November, 1969, Philadelphia. 
650 0 |a Geology  |x Mathematical models. 
700 1 0 |a Fenner, Peter,  |d 1937-  |e ed. 
700 1 0 |a Krumbein, W. C.  |q (William Christian),  |d 1902- 
710 2 0 |a American Geological Institute.  |b Council on Education in the Geological Sciences. 
852 8 |b CARM  |h A2:AL23D0  |i D05614  |p 0209878  |f BK 
082 0 4 |a 550/.1/519 
999 f f |i 0ca73e02-aecb-53c9-a1b4-e03585b72e95  |s c9aad52e-4b6a-5273-b62c-9a922d308a1d 
952 f f |p Can circulate  |a CAVAL  |b CAVAL  |c CAVAL  |d CARM 1 Store  |e D05614  |f A2:AL23D0  |h Other scheme  |i book  |m 0209878